Detalles MARC
| 000 -CABECERA |
| campo de control de longitud fija |
01913nam a2200289 i 4500 |
| 003 - IDENTIFICADOR DEL NÚMERO DE CONTROL |
| campo de control |
DO-SdBNP |
| 005 - FECHA Y HORA DE LA ÚLTIMA TRANSACCIÓN |
| campo de control |
20240819153949.0 |
| 007 - CAMPO FIJO DE DESCRIPCIÓN FÍSICA--INFORMACIÓN GENERAL |
| campo de control de longitud fija |
ta |
| 008 - DATOS DE LONGITUD FIJA--INFORMACIÓN GENERAL |
| campo de control de longitud fija |
240819s2024 dr ado 000 j spa d |
| 020 ## - NÚMERO INTERNACIONAL ESTÁNDAR DEL LIBRO |
| Número Internacional Estándar del Libro |
9789945919776 |
| 040 ## - FUENTE DE LA CATALOGACIÓN |
| Centro catalogador/agencia de origen |
DO-SdBNP |
| Lengua de catalogación |
spa |
| Centro/agencia transcriptor |
BNPHU |
| Normas de descripción |
rda |
| 082 ## - NÚMERO DE LA CLASIFICACIÓN DECIMAL DEWEY |
| Número de edición |
22 |
| Número de documento/Ítem |
S211c |
| 100 1# - ENTRADA PRINCIPAL--NOMBRE DE PERSONA |
| Nombre de persona |
Sánchez Q., Ceinett D. |
| Término indicativo de función/relación |
autora |
| 9 (RLIN) |
86354 |
| 245 10 - MENCIÓN DE TÍTULO |
| Título |
Comunicación estratégica : |
| Resto del título |
para la defensa y seguridad nacional / |
| Mención de responsabilidad, etc. |
Cinett D. Sánchez Q. |
| 264 #1 - PRODUCCIÓN, PUBLICACIÓN, DISTRIBUCIÓN, FABRICACIÓN Y COPYRIGHT |
| Producción, publicación, distribución, fabricación y copyright |
Santo Domingo : |
| Nombre del de productor, editor, distribuidor, fabricante |
UNADE, |
| Fecha de producción, publicación, distribución, fabricación o copyright |
2024. |
| 300 ## - DESCRIPCIÓN FÍSICA |
| Extensión |
235 páginas, |
| Otras características físicas |
ilustraciones, gráficas, fotografías |
| Dimensiones |
26 cm. |
| 336 ## - TIPO DE CONTENIDO |
| Fuente |
rdacontent |
| Término de tipo de contenido |
texto |
| Código de tipo de contenido |
txt |
| 337 ## - TIPO DE MEDIO |
| Fuente |
rdamedia |
| Nombre/término del tipo de medio |
sin mediación |
| Código del tipo de medio |
n |
| 338 ## - TIPO DE SOPORTE |
| Fuente |
rdacarrier |
| Nombre/término del tipo de soporte |
volumen |
| Código del tipo de soporte |
nc |
| 504 ## - NOTA DE BIBLIOGRAFÍA, ETC. |
| Nota de bibliografía, etc. |
Bibliografía p: 225-235. |
| 520 ## - SUMARIO, ETC. |
| Sumario, etc. |
La siguiente obra, está sustentada en una investigación doctoral, que demuestra la incidencia de la Comunicación Estratégica (CE) en el alcance de los objetivos militares de las Fuerzas Armadas dominicanas, frente a la Pandemia causada por la expansión de la enfermedad COVID-19, durante el periodo marzo 2020-marzo 2022, acorde a las políticas públicas de defensa y seguridad nacional y el marco legal vigente en el país.<br/><br/>El 90% de las personas consultadas en este estudio, reconoce su existencia, importancia e influencia en estrategias, planes, operaciones y tácticas informativas de las instituciones militares dominicanas, en especial durante situaciones de crisis. Ante la incertidumbre, la ansiedad y la necesidad de la población de estar bien informada, los contenidos difundidos en los medios de comunicación de las Fuerzas Armadas también en los entornos digitales, escalaron rápidamente en los escenarios locales e internacionales.<br/> |
| 590 ## - NOTA LOCAL (RLIN) |
| Nota local |
Inventariado, 2024/ YL |
| 650 #4 - PUNTO DE ACCESO ADICIONAL DE MATERIA--TÉRMINO DE MATERIA |
| Término de materia o nombre geográfico como elemento de entrada |
Tuberculosis |
| Subdivisión general |
Tratamiento |
| 9 (RLIN) |
79001 |
| 710 1# - PUNTO DE ACCESO ADICIONAL--NOMBRE DE ENTIDAD CORPORATIVA |
| Nombre de entidad corporativa o nombre de jurisdicción como elemento de entrada |
Universidad Nacional para la Defensa (UNADE). |
| 9 (RLIN) |
86348 |
| 910 ## - DATOS DE OPCIÓN DEL USUARIO (OCLC) |
| Datos de opción del usuario |
YLockward |
| 942 ## - ELEMENTOS DE PUNTO DE ACCESO ADICIONAL (KOHA) |
| Fuente del sistema de clasificación o colocación |
Dewey Decimal Classification |
| Tipo de ítem Koha |
Libro |